000 00811nam a2200229Ii 4500
003 JO-AjNU
008 230605s9999||||xx |||||||||||||| ||und||
017 _a2009/7/3290
020 _a9957-16-126-2
040 _aJO-AjNU
_bara
_erda
_cJO-AjNU
041 _aara
050 1 4 _aK5414.M37.2010
100 3 _a المشهداني ، ياسين خضير ,
_eauthor
_931258
245 0 0 _aالتهمة وتطبيقاتها في القضاء الجنائي
250 _aط2
264 3 1 _aعمان : دار الثقافة ، 2010
300 _a255ص
_bيشتمل على المراجع الببلوغرافية ص (249 - 255 )
336 _atext
_btxt
_2rdacontent
337 _aunmediated
_bn
_2rdamedia
338 _avolume
_bnc
_2rdacarrier
650 4 _aالقانون الجنائي -- الجريمة
_931259
999 _aA12484
_c16052
_d16052